| 000 | 00680nam a22002657a 4500 | ||
|---|---|---|---|
| 003 | OSt | ||
| 005 | 20140310183035.0 | ||
| 008 | 130219t xxu||||| |||| 00| 0 eng d | ||
| 020 | _a9717090254 | ||
| 050 |
_aBC 108 _b.Sa23 2006 |
||
| 082 |
_aFIL 160 _bSa5 2006 |
||
| 245 |
_aLogic : _bThe art of reasoning _cSantiago, Alma Salvador |
||
| 260 |
_a[s.n]: _bRedman Printing Press, _c2006 |
||
| 300 |
_axv, 279 p. : _bill.; _c22 cm. |
||
| 521 | _acollege students | ||
| 526 | _c1210L-1700L | ||
| 541 | _j1 | ||
| 541 | _j2 | ||
| 541 | _j3 | ||
| 541 | _j4 | ||
| 541 | _j5 | ||
| 541 | _j6 | ||
| 562 | _e6 | ||
| 942 |
_2lcc _cBK _kFIL |
||
| 999 |
_c18479 _d18479 |
||